| 000 | 00515nam a22001577a 4500 | ||
|---|---|---|---|
| 003 | MACL | ||
| 005 | 20170121120203.0 | ||
| 008 | 170121b xxu||||| |||| 00| 0 eng d | ||
| 040 | _cMACL | ||
| 082 | _a891.437/JAN | ||
| 100 |
_aजनमेजय प्रेम _943161 |
||
| 245 | _aमेरी श्रेष्ठ व्यंग्य रचना | ||
| 260 |
_aदिल्ली _bभावना प्रकाशन _c2010 |
||
| 650 |
_aव्यंग्य _966649 |
||
| 942 |
_2ddc _cHIN |
||
| 999 |
_c55997 _d55997 |
||